banner-ar

خامات التصنيع : (Record no. 7952)

MARC details
000 -الفاتح
حقل البيانات ثابتة الطول 00878nam a2200253Ia 4500
008 - عناصر البيانات ثابتة الطول - معلومات عامة
حقل البيانات ثابتة الطول 140319s9999 xx 000 0 ara d
020 ## - الرقم الدولى المعيارى للكتب
الرقم الدولى المعيارى للكتاب 0027408977
040 ## - مصدر الفهرسة
وكالة الفهرسة الأصلية GCL /
وكالة النسخ GCL
082 04 - رقم تصنيف ديوى العشرى
رقم التصنيف 691
رقم المادة و خ
100 1# - المدخل الرئيسى - إسم شخصى
الإسم الشخصى محمد احمد عبدالعزيز
245 10 - بيان العنوان
العنوان خامات التصنيع :
بقية العنوان WORKSHOP MATERIALS /
بيان المسئوليه,etc محمد احمد عبدالعزيز
700 1# - المدخل الاضافى - اسم شخصى
الإسم الشخصى ويس، اليكس
250 ## - بيان الطبعة
بيان الطبعة الاولى
260 ## - PUBLICATION, DISTRIBUTION, ETC. (IMPRINT)
تاريخ النشر أو التوزيع 2006
300 ## - الوصف المادى
التعداد 224 ص ؛
أبعاد الوعاء 24 سم
650 04 - المدخل الاضافى بالموضوع-مصطلح موضوعى
مصطلح موضوعي الالومنيوم
650 04 - المدخل الاضافى بالموضوع-مصطلح موضوعى
مصطلح موضوعي الحديد والصلب
650 04 - المدخل الاضافى بالموضوع-مصطلح موضوعى
مصطلح موضوعي المواد الخام
650 04 - المدخل الاضافى بالموضوع-مصطلح موضوعى
مصطلح موضوعي مواد البناء - صناعة وتجارة
650 04 - المدخل الاضافى بالموضوع-مصطلح موضوعى
مصطلح موضوعي مواد البناء - مواصفات الامان
650 04 - المدخل الاضافى بالموضوع-مصطلح موضوعى
مصطلح موضوعي التصنيع - خامات
942 ## - عناصر المدخل الإضافي( كوها)
مصدر التصنيف او مخطط الترفيف Dewey Decimal Classification
Koha [default] item type كتاب
260 ## - PUBLICATION, DISTRIBUTION, ETC. (IMPRINT)
-- القاهرة :
-- دار الفاروق للنشر والتوزيع ،
Holdings
حالة التراجع حالة الفقد حالة تلف ليس للاعارة المكان المؤقت الموقع الحالى تاريخ الاكتساب اجمالي اﻻعارات رقم الطلب الباركود تاريخ اخر مشاهدة تاريخ تفعيل السعر نوع وعاء كوها
        مكتبة القاهرة الكبرى مكتبة القاهرة الكبرى 03/26/2014   691\و خ 16401 03/26/2014 03/26/2014 كتاب
        مكتبة القاهرة الكبرى مكتبة القاهرة الكبرى 03/26/2014   691\و خ 16402 03/26/2014 03/26/2014 كتاب

Powered By

EGPV